000 00560cam a2200205 a 4500
003 OSt
005 20151202153137.0
008 950225s1993 sp a 000 0 spa
020 _a84-233-2319-6
040 _cBMC
082 _aBMC
100 1 _aSampedro, José Luis
_d1917-2013
_913706
245 1 0 _aReal sitio
_b: Los círculos del tiempo III
_cJosé Luis Sampedro
250 _a1° ed
260 _aBarcelona
_bDestino
_c1993
300 _a587 p.
_bil.
_c20 cm
490 0 _aÁncora y delfín
_v700
650 2 4 _929289
_aNovela española
942 _2ddc
_cBK
999 _c23852
_d23852